Statistics for Grey's Anatomy Characters by Actor

Click here to take the quiz!

General Stats

  • This quiz has been taken 166 times
  • The average score is 16 of 35

Answer Stats

CharacterActor/Actress% Correct
Meredith GreyEllen Pompeo
98%
Cristina YangSandra Oh
97%
Derek ShepherdPatrick Dempsey
92%
Alex KarevJustin Chambers
87%
Izzie StevensKatherine Heigl
81%
Miranda BaileyChandra Wilson
79%
George O'MalleyT.R. Knight
78%
Addison MontgomeryKate Walsh
73%
Mark SloanEric Dane
72%
Arizona RobbinsJessica Capshaw
70%
Owen HuntKevin McKidd
70%
April KepnerSarah Drew
66%
Callie TorresSara Ramirez
64%
Jackson AveryJesse Williams
64%
Lexie GreyChyler Leigh
61%
Richard WebberJames Pickens Jr.
54%
Teddy AltmanKim Raver
49%
Jo WilsonCamilla Luddington
45%
Amelia ShepherdCaterina Scorsone
44%
Catherine AveryDebbie Allen
33%
Maggie PierceKelly McCreary
27%
Denny DuquetteJeffrey Dean Morgan
21%
Nathan RiggsMartin Henderson
21%
Erica HahnBrooke Smith
21%
Nicole HermanGeena Davis
20%
Stephanie EdwardsJerrika Hinton
19%
Shane RossGaius Charles
17%
Andrew DelucaGiacomo Gianniotti
16%
Leah MurphyTessa Ferrer
14%
Heather BrooksTina Majorino
13%
Adele WebberLoretta Devine
13%
Charles PercyRobert Baker
10%
Reed AdamsonNora Zehetner
9%
Preston BurkeIsiaih Washington
8%
Ben WarrenJames Winston George
2%

Score Distribution

Percentile by Number Answered

Percent of People with Each Score

Your Score History

You have not taken this quiz